000
00319nam a2200133Ia 4500
008
150301s2015 xx 000 0 und d
082
_a
615.4
_b
H11G
100
_a
GOYAL , RAMESH K
245
2
_a
A TB OF HOSPITAL PHARMA
260
_b
B.S SHAH PRAKASHAN
300
_a
396
650
_a
PHARMACEUTICS
942
_2
ddc
_c
BK
_0
1
999
_c
7312
_d
7312